000 00379cam a22001217a 4500
008 180718b1988 xxu||||| |||| 00| 0 eng d
082 _aA81x54 In2/81/3/Pt10B
100 _aCensus of India 1981
245 _aAssam: town survey report, Gauripur
260 _aDelhi
_bController of Publications
_c1988
300 _a559+p.
440 _aCensus of India 1981. Series-3, Assam. Part-X B
999 _c481958
_d481958